Evaluating technology for new farming systems Case studies from Philippine rice farms

Đã lưu trong:
書目詳細資料
主要作者: C Barlow
格式: 圖書
語言:Undetermined
出版: Manila IRRI 1983
主題:
標簽: 添加標簽
沒有標簽, 成為第一個標記此記錄!
Thư viện lưu trữ: Trung tâm Học liệu Trường Đại học Cần Thơ
LEADER 00575nam a2200193Ia 4500
001 CTU_28930
008 210402s9999 xx 000 0 und d
082 |a 633.18 
082 |b B258 
100 |a C Barlow 
245 0 |a Evaluating technology for new farming systems 
245 0 |b Case studies from Philippine rice farms 
245 0 |c C Barlow, E C Price, IRRI, S Jayasurlya 
260 |a Manila 
260 |b IRRI 
260 |c 1983 
650 |a rice - research 
904 |i Nguyễn Quang Điền, 990309 
980 |a Trung tâm Học liệu Trường Đại học Cần Thơ